Los Archivos y la investigación : ciclo de conferencias en homenaje a Carmen Pedrosa ciclo de conferencias en homenaje a Carmen Pedrosa

Descripció física: 127 p. ; 24 cm
Altres autors: Pedrosa, Carmen

MARC

LEADER 00000nam a2200000Ia 4500
001 8331
003 BGR
005 20260324175317.0
008 160829s1988 xx 000 0 cat d
080 |a A-1-296 
245 |a Los Archivos y la investigación :  |b  ciclo de conferencias en homenaje a Carmen Pedrosa 
260 |a Ávila :  |b Junta de Castilla y León. Consejería de Cultura y Bienestar Social,  |c 1988 
300 |a 127 p. ;  |c 24 cm 
590 |a Abans del títol: Archivo Histórico Provincial de Ávila 
650 |a Arxius  |x Congressos  |9 25763 
700 |a Pedrosa, Carmen  |9 26173 
710 2 |9 70419  |a Archivo Histórico Provincial de Ávila  
901 |a Arxiu 
942 |n 1  |2 udc  |c MON 
952 |0 0  |1 0  |4 0  |6 A1296  |7 1  |9 43908  |a Arxiu  |b Arxiu  |d 2016-12-01  |l 0  |o A-1-296  |p 8331  |r 2016-12-01 00:00:00  |w 2016-12-01  |y ARXIU 
999 |c 46488  |d 46488